000 00508nam a2200157Ia 4500
999 _c22808
_d22808
003 OSt
005 20200319100012.0
008 190216s9999||||xx |||||||||||||| ||und||
040 _coclc
082 _a954.830085297
_bRAN/I
100 _aRandathani, Husain
_91881
245 0 _aIndia Charithrathile Muslim Sannidhyam /
_cHusain Randathani
260 _bPoomkavanam Books Publishers,
_c2010.
_aCalicut:
300 _a359p
942 _cBK
_2ddc
_h954.830085297
_iRAN/I
_k954.830085297
_mRAN/I